000 00783nam0a22002531 4500
001 rc\4900956
005 20250612202644.0
021 _aRU
_b[60-20185]
035 _a(NLR Aleph) 008833814
090 _a8299372
_c8299372
100 _a20130426d1960 |||y0rusy50 ca
101 0 _arus
102 _aRU
105 _ay z |||a|
200 1 _aТри подруги
_eПьеса в 1 д.
210 _aМосква
_cИскусство
_d1960
215 _a21 с.
_d20
225 1 _aРепертуар художественной самодеятельности
_v2
_iОдноактные пьесы
700 1 _aЯлунер
_bЯ.И.
_f1908-
_gЯков Ионович
801 0 _aRU
_bNLR
_gpsbo
801 1 _aRU
_bELAR
_2rusmarc
852 _aNLR
_j60-4/3567
942 _cBOOK
980 _aNB